|
|
|
|
| LEADER |
03479nam a22006615i 4500 |
| 001 |
978-3-642-27916-4 |
| 003 |
DE-He213 |
| 005 |
20170112111717.0 |
| 007 |
cr nn 008mamaa |
| 008 |
120210s2012 gw | s |||| 0|eng d |
| 020 |
|
|
|a 9783642279164
|9 978-3-642-27916-4
|
| 024 |
7 |
|
|a 10.1007/978-3-642-27916-4
|2 doi
|
| 040 |
|
|
|d GrThAP
|
| 050 |
|
4 |
|a TK5105.5-5105.9
|
| 072 |
|
7 |
|a UKN
|2 bicssc
|
| 072 |
|
7 |
|a COM075000
|2 bisacsh
|
| 082 |
0 |
4 |
|a 004.6
|2 23
|
| 245 |
1 |
0 |
|a Grid and Pervasive Computing Workshops
|h [electronic resource] :
|b International Workshops, S3E, HWTS, Doctoral Colloquium, Held in Conjunction with GPC 2011, Oulu, Finland, May 11-13, 2011. Revised Selected Papers /
|c edited by Mika Rautiainen, Timo Korhonen, Edward Mutafungwa, Eila Ovaska, Artem Katasonov, Antti Evesti, Heikki Ailisto, Aaron Quigley, Jonna Häkkilä, Natasa Milic-Frayling, Jukka Riekki.
|
| 264 |
|
1 |
|a Berlin, Heidelberg :
|b Springer Berlin Heidelberg :
|b Imprint: Springer,
|c 2012.
|
| 300 |
|
|
|a XIV, 182 p. 52 illus.
|b online resource.
|
| 336 |
|
|
|a text
|b txt
|2 rdacontent
|
| 337 |
|
|
|a computer
|b c
|2 rdamedia
|
| 338 |
|
|
|a online resource
|b cr
|2 rdacarrier
|
| 347 |
|
|
|a text file
|b PDF
|2 rda
|
| 490 |
1 |
|
|a Lecture Notes in Computer Science,
|x 0302-9743 ;
|v 7096
|
| 520 |
|
|
|a This book constitutes the carefully refereed post-conference proceedings of two International Workshops: Self-Managing Solutions for Smart Environments, S3E 2011; and the workshop on Health and Well-being Technologies and Services for Elderly, HWTS 2011; as well as a Doctoral Colloquium, held in conjunction with, GPC 2011, in Oulu, Finland, in May 2011. The 19 revised full papers presented together with 1 keynote lecture were carefully revised and selected from 26 submissions and focus on the topics self-managing solutions for smart environments; health and well-being technologies, and services for elderly. The topics of the doctoral colloquium papers had a wide scope and they represented different viewpoints and sub-disciplines inside the ICT field.
|
| 650 |
|
0 |
|a Computer science.
|
| 650 |
|
0 |
|a Computer communication systems.
|
| 650 |
|
0 |
|a Software engineering.
|
| 650 |
|
0 |
|a Information storage and retrieval.
|
| 650 |
|
0 |
|a User interfaces (Computer systems).
|
| 650 |
|
0 |
|a Artificial intelligence.
|
| 650 |
1 |
4 |
|a Computer Science.
|
| 650 |
2 |
4 |
|a Computer Communication Networks.
|
| 650 |
2 |
4 |
|a Information Systems Applications (incl. Internet).
|
| 650 |
2 |
4 |
|a Information Storage and Retrieval.
|
| 650 |
2 |
4 |
|a Artificial Intelligence (incl. Robotics).
|
| 650 |
2 |
4 |
|a User Interfaces and Human Computer Interaction.
|
| 650 |
2 |
4 |
|a Software Engineering.
|
| 700 |
1 |
|
|a Rautiainen, Mika.
|e editor.
|
| 700 |
1 |
|
|a Korhonen, Timo.
|e editor.
|
| 700 |
1 |
|
|a Mutafungwa, Edward.
|e editor.
|
| 700 |
1 |
|
|a Ovaska, Eila.
|e editor.
|
| 700 |
1 |
|
|a Katasonov, Artem.
|e editor.
|
| 700 |
1 |
|
|a Evesti, Antti.
|e editor.
|
| 700 |
1 |
|
|a Ailisto, Heikki.
|e editor.
|
| 700 |
1 |
|
|a Quigley, Aaron.
|e editor.
|
| 700 |
1 |
|
|a Häkkilä, Jonna.
|e editor.
|
| 700 |
1 |
|
|a Milic-Frayling, Natasa.
|e editor.
|
| 700 |
1 |
|
|a Riekki, Jukka.
|e editor.
|
| 710 |
2 |
|
|a SpringerLink (Online service)
|
| 773 |
0 |
|
|t Springer eBooks
|
| 776 |
0 |
8 |
|i Printed edition:
|z 9783642279157
|
| 830 |
|
0 |
|a Lecture Notes in Computer Science,
|x 0302-9743 ;
|v 7096
|
| 856 |
4 |
0 |
|u http://dx.doi.org/10.1007/978-3-642-27916-4
|z Full Text via HEAL-Link
|
| 912 |
|
|
|a ZDB-2-SCS
|
| 912 |
|
|
|a ZDB-2-LNC
|
| 950 |
|
|
|a Computer Science (Springer-11645)
|